000 00649nam a2200217Ia 4500
003 IN-BaIIA
008 211028s9999 xx 000 0 eng d
020 _a0-851262-7
040 _cIIA Library
080 _a523.7.53
_bAKA
100 _aAkasofu, Syun-Ichi
_97550
245 0 _aSolar terrestrial physics
_cSyun-lchi Akasofu and Sydney Chapman
260 _aOxford
_bClarendon Press
_c1972
300 _axx, 901p.
490 _aInternational Series of Monographs on Physics
650 _aAstronomy and Astrophysics Thesaurus
650 _aSolar Physics
650 _aSolar Terrestrial Physics
_95220
700 _aChapman, Sydney
942 _cBK
999 _c4292
_d4292